Protecting human rights in disaster response (Record no. 694527)

MARC details
000 -LEADER
fixed length control field 00946nam a2200289Ia 4500
003 - CONTROL NUMBER IDENTIFIER
control field OSt
005 - DATE AND TIME OF LATEST TRANSACTION
control field 20220927105751.0
008 - FIXED-LENGTH DATA ELEMENTS--GENERAL INFORMATION
fixed length control field 220926b |||||||| |||| 00| 0 eng d
020 ## - INTERNATIONAL STANDARD BOOK NUMBER
International Standard Book Number 9788190256971
037 ## - SOURCE OF ACQUISITION
Terms of availability Reference Collections
040 ## - CATALOGING SOURCE
Original cataloging agency RTL
Transcribing agency RTL
Language of cataloging eng
041 ## - LANGUAGE CODE
Source of code eng
Language code of text/sound track or separate title eng
100 ## - MAIN ENTRY--PERSONAL NAME
Personal name HOUSING AND LAND RIGHTS NETWORK
9 (RLIN) 374890
110 ## - MAIN ENTRY--CORPORATE NAME
Corporate name or jurisdiction name as entry element HOUSING AND LAND RIGHTS NETWORK
9 (RLIN) 374891
245 #0 - TITLE STATEMENT
Title Protecting human rights in disaster response
Remainder of title Guidelines for state and non-state actors
260 ## - PUBLICATION, DISTRIBUTION, ETC.
Place of publication, distribution, etc. New
Name of publisher, distributor, etc. "Delhi, HLRN "
Date of publication, distribution, etc. 2015
300 ## - PHYSICAL DESCRIPTION
Extent 34p
Dimensions cm.
490 ## - SERIES STATEMENT
Series statement Routledge Studies in the History of Economics
500 ## - GENERAL NOTE
General note Bibliography: P 127-43
700 ## - ADDED ENTRY--PERSONAL NAME
Personal name HOUSING AND LAND RIGHTS NETWORK
9 (RLIN) 374890
942 ## - ADDED ENTRY ELEMENTS (KOHA)
Classification part "W:5, Q5/UN"
Koha item type
Holdings
Withdrawn status Lost status Damaged status Not for loan Home library Current library Date acquired Total Checkouts Full call number Barcode Date last seen Price effective from Koha item type
        Ratan Tata Library Ratan Tata Library 2022-09-27   "W:5 Q5/UN" RT1456782 2022-09-27 2022-09-27  
Copyright @ Delhi University Library System